| 000 | 00557nam a2200193 a 4500 | ||
|---|---|---|---|
| 005 | 20140310183555.0 | ||
| 008 | 111027s19uu xx 00 eng d | ||
| 020 | _a9781578867462 | ||
| 050 |
_aLB 1045 _b.J64 2008 |
||
| 100 | _aJohnson, L. Peter | ||
| 245 |
_aThe caring teacher : _btips to motivate the student learning / _cL. Peter Johnson. |
||
| 260 |
_aNew York : _bRowman & Littlefield Education, _c2008. |
||
| 300 |
_a127 p. : _c24 cm. |
||
| 521 | _aEDU | ||
| 650 | _aTeaching | ||
| 650 | _aMotivation | ||
| 942 |
_cBK _2lcc _kFOR |
||
| 999 |
_c25012 _d25012 |
||